|
|
|
|
| LEADER |
02904nam a2200709 i 4500 |
| 001 |
nkc20233536457 |
| 003 |
CZ PrNK |
| 005 |
20231113085344.0 |
| 007 |
ta |
| 008 |
230810s2023 xr ah e c 000 0ccze |
| 015 |
|
|
|a cnb003536457
|
| 020 |
|
|
|a 978-80-88631-03-3
|q (vázáno)
|
| 035 |
|
|
|a (OCoLC)1412781834
|
| 040 |
|
|
|a OLA001
|b cze
|e rda
|
| 043 |
|
|
|a e-xr---
|b e-xr-jm
|2 czenas
|
| 045 |
|
|
|a x0x5
|
| 072 |
|
7 |
|a 75
|x Malířství
|2 Konspekt
|9 21
|
| 072 |
|
7 |
|a 929
|x Biografie
|2 Konspekt
|9 8
|
| 080 |
|
|
|a 75.071.1
|2 MRF
|
| 080 |
|
|
|a (=112.2)
|2 MRF
|
| 080 |
|
|
|a 75(430)
|2 MRF
|
| 080 |
|
|
|a 929
|2 MRF
|
| 080 |
|
|
|a (437.322)
|2 MRF
|
| 080 |
|
|
|a (0:82-94)
|2 MRF
|
| 080 |
|
|
|a (083.824)
|2 MRF
|
| 100 |
1 |
|
|a Janás, Robert,
|d 1973-
|7 xx0015231
|4 aut
|
| 245 |
1 |
0 |
|a Druhá tvář Brna :
|b brněnští malíři první poloviny 20. století : Bruno Beran (1888-1979), Gustav Böhm (1885-1974), August Potuczek (1882-1936), Hans Friedrich Wacha (1885-1964) /
|c Robert Janás
|
| 246 |
1 |
|
|i Podnázev na obálce:
|a Brněnští němečtí malíři první poloviny 20. století
|
| 264 |
|
1 |
|a [Brno] :
|b Muzeum města Brna,
|c 2023
|
| 300 |
|
|
|a 95 stran :
|b ilustrace (převážně barevné), faksimile ;
|c 29 cm
|
| 336 |
|
|
|a text
|b txt
|2 rdacontent
|
| 336 |
|
|
|a statický obraz
|b sti
|2 rdacontent
|
| 337 |
|
|
|a bez média
|b n
|2 rdamedia
|
| 338 |
|
|
|a svazek
|b nc
|2 rdacarrier
|
| 500 |
|
|
|a Vydáno u příležitosti výstavy v Muzeu města Brna, 5. října 2023 - 29. února 2024
|
| 500 |
|
|
|a 500 výtisků
|
| 504 |
|
|
|a Obsahuje bibliografické odkazy
|
| 648 |
|
7 |
|a 1901-1950
|7 ch460576
|2 czenas
|
| 648 |
|
7 |
|a 20. století
|7 ch460558
|2 czenas
|
| 650 |
0 |
7 |
|a malíři
|7 ph122596
|z Česko
|y 20. století
|2 czenas
|
| 650 |
0 |
7 |
|a Němci
|7 ph117943
|z Česko
|y 20. století
|2 czenas
|
| 650 |
0 |
7 |
|a německé malířství
|7 ph123512
|y 20. století
|2 czenas
|
| 650 |
0 |
9 |
|a painters
|z Czechia
|y 20th century
|2 eczenas
|
| 650 |
0 |
9 |
|a Germans
|z Czechia
|y 20th century
|2 eczenas
|
| 650 |
0 |
9 |
|a German painting
|y 20th century
|2 eczenas
|
| 651 |
|
7 |
|a Brno (Česko)
|7 ge134084
|2 czenas
|
| 651 |
|
9 |
|a Brno (Czechia)
|2 eczenas
|
| 655 |
|
7 |
|a medailony
|7 fd185951
|2 czenas
|
| 655 |
|
7 |
|a katalogy výstav
|7 fd132536
|2 czenas
|
| 655 |
|
9 |
|a biographical portraits
|2 eczenas
|
| 655 |
|
9 |
|a exhibition catalogs
|2 eczenas
|
| 700 |
1 |
|
|a Beran, Bruno,
|d 1888-1979
|7 mzk2013754166
|4 ill
|
| 700 |
1 |
|
|a Böhm, Gustav,
|d 1885-1974
|7 xx0006051
|4 ill
|
| 700 |
1 |
|
|a Potuczek, August,
|d 1882-1936
|7 mzk2013754103
|4 ill
|
| 700 |
1 |
|
|a Wacha, Friedrich Hans,
|d 1885-1964
|7 xx0117694
|4 ill
|
| 710 |
2 |
|
|a Muzeum města Brna
|7 kn20010724499
|4 orm
|4 isb
|
| 910 |
2 |
|
|a BOA001
|b 4-1514.493
|
| 990 |
|
|
|a BK
|
| 995 |
|
|
|a 01
|
| 991 |
|
|
|b 202310
|c NOV
|
| 996 |
6 |
|
|b 2610951640
|c 4-1514.493
|l MZK
|r Sklad / do 1 hodiny
|n 1
|p p.v.
|w 001942474
|u 000010
|a 1
|e BOA001
|j MZK50
|s P
|
| 996 |
7 |
|
|b 2610951641
|c 4-1514.493
|l MZK
|r Sklad / do 1 hodiny
|n 1
|p p.v.
|w 001942474
|u 000020
|a 1
|e BOA001
|j MZK50
|s A
|